| 000 | 00605nam a22002057a 4500 | ||
|---|---|---|---|
| 005 | 20251108170918.0 | ||
| 008 | 250721s1980 xx 000 0 ara d | ||
| 082 | 1 | 4 | _aط/500/مري |
| 100 | 1 | _aو، مري | |
| 245 | 1 | 0 | _aزدني علما / |
| 264 | 1 |
_aبيروت : _bمكتبة لبنان، _c1980. |
|
| 300 | _a3ج : مص | ||
| 490 | 0 | _aزدني علما | |
| 650 | 1 | 7 | _aالعلوم |
| 653 | _aناشئون صغار (10-14) سنة | ||
| 700 | 1 |
_aالخطيب، زياد أحمد _eترجمة |
|
| 700 | 1 |
_aالخطيب، هاني أحمد _eترجمة |
|
| 942 |
_2ddc _cBK |
||
| 999 |
_c51948 _d51948 |
||